00329 a2200097 4500001000900000005001700009008004100026245009500067100002700162773004200189ART_564220260410161617.0260409a 10aCapacidad de producción, productividad, eficiencia y costos. Una aplicación práctica1 aCapasso, Carmelo Mario0 tEnfoquesg- Nº 6 (jun. 2006)wREV416